000 00579nam a2200193Ia 4500
005 20250507130307.0
008 008 250505s9999 xx 000 0 eng d
037 _aSeries Article
040 _aEASL
_beng
_cEASL
041 _aeng
_2eng
084 _qEASL
100 _aBeauchamp Fay
_9673990
245 0 _aVisions of the sea in early Japanese literature
260 _aUSA
_bAnn Arbor Assocation for Asian Studies,Inc. USA.
_c2014
300 _a58-62pp.
650 _aAsian Studies; Japanese literature
_9755110
942 _cSRA
999 _c1318821
_d1318821